• 首页
  • 本馆介绍
  • 公告通知
  • 最新文献
  • 馆藏检索
  • 电子资源
  • 读者导购
  • 参考咨询
  • 我的图书馆
  • 登录
  • 详细信息显示
  • 放入我的书架
  • 预约/预借图书
  • 作者相关作品
  • 分类相关作品
  • 丛书相关作品
  • 出版社相关作品

书目信息

  • 表格格式
  • 工作单格式
  • 卡片格式
题名:
React
    
 
作者: ;寸志 译 ;卓越开发者联盟 著
分册:  
出版信息: 北京   电子工业出版社  2016.11
页数: 18,186页
开本: 24cm
丛书名:
单 册:
中图分类: TP311.1
科图分类:
主题词: 人机界面--程序设计
电子资源:
ISBN: 978-7-121-30120-9
000 01309nam0 2200301 450
001 0400002317
005 20171025160519.59
010    @a978-7-121-30120-9@dCNY69.00
100    @a20170328e20172016em y0chiy50 ea
101 1  @achi@ceng
102    @aCN@b110000
105    @aa z 000yy
106    @ar
200 1  @aReact@9react@e引领未来的用户界面开发框架@dDeveloping a react edge@ethe javascript library for user interfaces@fLeague of Extraordinary Developers著@g寸志[等]译@zeng
205    @a第2版
210    @a北京@c电子工业出版社@d2016.11@h2017.4
215    @a18,186页@c图@d24cm
300    @a博文视点
305    @aBleeding Edge Press授予出版
330    @a本书由多位一线专家精心撰写,采用全程实例介绍和剖析了React. js 的方方面面,适合广大前端开发者、设计人员,以及所有对未来技术趋势感兴趣者阅读。本书前版作为React首作推出之后,React 生态继续蓬勃发展,技术及社区都在不断推陈出新。
510 1  @aDeveloping a react edge@ethe javascript library for user interfaces@zeng
517 1  @a引领未来的用户界面开发框架@9yin ling wei lai de yong hu jie mian kai fa kuang jia
606 0  @a人机界面@x程序设计
690    @aTP311.1@v5
702  0 @a寸志@9cun zhi@4译
711 02 @a卓越开发者联盟@9zhuo yue kai fa zhe lian meng@4著
801  0 @aCN@b91MARC@c20171020
905    @b1026801-5@dTP311.1@f5@e1113=2
    
    React:引领未来的用户界面开发框架=Developing a react edge:the javascript library for user interfaces/League of Extraordinary Developers著/寸志[等]译.-第2版.-北京:电子工业出版社,2016.11(2017.4)
    18,186页:图;24cm
    博文视点
    
    ISBN 978-7-121-30120-9:CNY69.00
    本书由多位一线专家精心撰写,采用全程实例介绍和剖析了React. js 的方方面面,适合广大前端开发者、设计人员,以及所有对未来技术趋势感兴趣者阅读。本书前版作为React首作推出之后,React 生态继续蓬勃发展,技术及社区都在不断推陈出新。
●
相关链接 在E读中查询图书 在五车中查询图书 在当当中查询图书 在豆瓣中查询图书


正题名:React     索取号:TP311.1/1113=2         预约/预借

序号 登录号 条形码 馆藏地/架位号 状态 备注
1 1026801   210268011   第二样本阅览室/ [索取号:TP311.1/1113=2] 在馆    
2 1026802   210268020   密集书库—计算机科学学院/ [索取号:TP311.1/1113=2] 在馆    
3 1026803   210268039   第三借阅区/ [索取号:TP311.1/1113=2] 在馆    
4 1026804   210268048   第三借阅区/ [索取号:TP311.1/1113=2] 在馆    
5 1026805   210268057   第三借阅区/ [索取号:TP311.1/1113=2] 在馆    
唐山师范学院图书馆 欢迎您!
大连网信软件有限公司© 版权所有